Normal view MARC view
  • Japan

Entry Geographic Name

Number of records used in: 1

001 - CONTROL NUMBER

  • control field: 101905

003 - CONTROL NUMBER IDENTIFIER

  • control field: NUST

005 - DATE AND TIME OF LATEST TRANSACTION

  • control field: 20221031115938.0

008 - FIXED-LENGTH DATA ELEMENTS

  • fixed length control field: 221031|| aca||aabn | a|a d

040 ## - CATALOGING SOURCE

  • Original cataloging agency: NUST
  • Transcribing agency: NUST

151 ## - HEADING--GEOGRAPHIC NAME

  • Geographic name: Japan
  • General subdivision: Foreign relations
  • Geographic subdivision: China

670 ## - SOURCE DATA FOUND

  • Source citation: Work cat.: (NUST)0: Smith, Sheila A., 1959- 101904, Intimate rivals :
© 2023 Central Library, National University of Sciences and Technology. All Rights Reserved.